000 00511nam a2200193Ia 4500
001 19800
003 GE_BSU
008 181216s||||||||xx |||||||||||||| ||und||
040 _cGE_BSU
245 _aОртодонтия №4 (76) 2016
245 _cГл. ред. Л.В.Польма
260 _aМосква
260 _c2016
300 _a64стр. илл. 28см.
653 _aОртодонтия №4 (76) 2016
653 _aПериодика
653 _aპერიოდიკა
942 _cCR
999 _c52772
_d52772